| 000 | 00626cam a22002291 4500 | ||
|---|---|---|---|
| 001 | sa 68020392 | ||
| 003 | DLC | ||
| 005 | 20260227112724.0 | ||
| 008 | 741213s1967 xx 000 0 ind | ||
| 010 | _asa 68020392 | ||
| 035 | _a(OCoLC)1110095 | ||
| 040 |
_aDLC _cOAU _dWU _dDLC |
||
| 042 | _apremarc | ||
| 050 | 0 | 0 |
_aHC447 _b.S5844 |
| 100 | 1 | _aSoekirman, Djoko Sanjoto. | |
| 245 | 1 | 0 | _aMenudju rehabilitasi dan stabilisasi ekonomi Indonesia. |
| 260 |
_a[Djakarta] _c1967. |
||
| 300 |
_a 35 p. _c29 cm. |
||
| 500 | _aCover title. | ||
| 651 | 0 |
_aIndonesia _xEconomic conditions. |
|
| 651 | 0 |
_aIndonesia _xEconomic policy. |
|
| 999 |
_c89396 _d89396 |
||